| 000 | 01470nam a22004097a 4500 | ||
|---|---|---|---|
| 003 | CHAP | ||
| 005 | 20220817044146.0 | ||
| 008 | 070423d2002 mx r 00110 spa d | ||
| 010 | _a93524 | ||
| 011 | _a94496 | ||
| 020 | _a9709347608 | ||
| 035 | _a105087 | ||
| 040 | _cCHAP | ||
| 090 | _aFolleto 17099 | ||
| 110 | 2 |
_aCongreso Interno del CEAMISH _n(1 : _cCuernavaca, Mor.) _926817 |
|
| 245 | 1 | 0 |
_a[Resumenes] _c/ed. por Elizabeth Arellano, Oscar Dorado y Dulce María Arias |
| 260 |
_aCuernavaca, Mor. : _bUniversidad Autónoma del Estado de Morelos.Centro de Educación Ambiental e Investigación Sierra de Huautla, _c2002. |
||
| 300 | _a63 p. ilus. | ||
| 590 |
_aBATCH-UPD _b10 _c20130110 _lUCH01 _h0135 |
||
| 590 |
_aBATCH-UPD _b10 _c20130110 _lUCH01 _h0653 |
||
| 590 |
_aBATCH-UPD _b10 _c20130409 _lUCH01 _h2132 |
||
| 590 |
_aBATCH-UPD _b10 _c20130410 _lUCH01 _h0546 |
||
| 590 |
_aBATCH-UPD _b10 _c20130914 _lUCH01 _h0355 |
||
| 590 |
_aBATCH-UPD _b10 _c20130914 _lUCH01 _h2145 |
||
| 590 |
_aCONVERSION _b10 _c20130109 _lUCH01 _h1352 |
||
| 650 | 1 | 4 |
_aBotánica _xCongresos. _914522 |
| 650 | 1 | 4 |
_aEcología _xCongresos. _935138 |
| 650 | 1 | 4 |
_aEducación ambiental. _935556 |
| 650 | 1 | 4 | _aGenética vegetal. |
| 700 | 1 |
_aArellano, Elizabeth _eed. _96932 |
|
| 700 | 1 |
_aArias, Dulce María _eed. _97078 |
|
| 700 | 1 |
_aDorado, Oscar _eed. _933991 |
|
| 901 | _aBK | ||
| 905 | _aElisama A. H. | ||
| 942 | _cFOLL | ||
| 949 |
_aFolleto 17099 _bBC _cFOLL _d33724002025439 _eTS1 _i105087 _sb |
||
| 999 |
_c93524 _d93524 |
||